000 01092nam a2200241Ia 4500
999 _c47153
_d47153
001 14011
003 GE_BSU
005 20241018144602.0
008 181216s1995||||ge |||||||||||||| ||geo||
020 _a5505016774
040 _cGE_BSU
041 _ageo
080 _a616-053.2(075.8) კ-44
100 _aკვაჭაძე, ი.
_923440
245 _aბავშვთა დაავადებები :
_b[სახელმძღვანელო სამედ. უნ-ტის სტუდენტებისათვის]. ტ. 1. ნაწ. 2 /
_cი. კვაჭაძე, მ. გელოვანი.
264 _aთბილისი :
_bგანათლება,
_c1995.
300 _a303 გვ. ;
_c20 სმ.
541 _h10ლ.
653 _aბავშვთა დაავადებები
653 _aსახელმძღვანელოები უმაღლესი სასწავლებლებისათვის
700 _aგელოვანი, მ.
_eავტორი
_923441
942 _cBK
_2udc